| LEADER |
00638nam0a2200205 450 |
| 001 |
16835713 |
| 010 |
|
|
|a 9791034747955
|b rel.
|d 10,95
|
| 100 |
|
|
|a 20201210d2020 u u0frey01 ba
|
| 101 |
0 |
|
|a fre
|
| 102 |
|
|
|a FR
|
| 200 |
0 |
|
|a Couché, sale bête !
|f Raoul Cauvin, Laudec
|
| 207 |
|
1 |
|a
|
| 210 |
|
|
|a Paris
|b 57, bd de La Villette
|c Dupuis
|d 2020
|
| 215 |
|
|
|a 48 p.
|
| 461 |
|
0 |
|t Cédric
|v 34
|
| 700 |
|
0 |
|a Cauvin
|b Raoul
|f 1938-....
|4 90
|
| 701 |
|
0 |
|a Laudec
|f 1948-....
|4 0
|
| 900 |
|
|
|a Bande Dessinée enfant ado
|
| 901 |
|
|
|a Accessible au prêt
|
| 995 |
|
|
|a Bibliothèque
|c Bibliothèque
|f 024021178
|h 024021178
|k BD CAU
|o p
|q j
|r az
|e Bibliothèque
|